书目信息 |
| 题名: |
应用抽样技术
|
|
| 作者: | 李金昌 主编 | |
| 分册: | ||
| 出版信息: | 北京 科学出版社 2006.01 |
|
| 页数: | 245页 | |
| 开本: | 24cm | |
| 丛书名: | ||
| 单 册: | ||
| 中图分类: | C811 | |
| 科图分类: | ||
| 主题词: | 统计--方法 | |
| 电子资源: | ||
| ISBN: | 7-03-016200-5 | |
| 000 | 00627 nam 000229 | |
| 001 | 0100002021 | |
| 005 | 20070902092007.83 | |
| 010 | @a7-03-016200-5@dCNY20.00 | |
| 100 | @a20070806d2006 em y0chiy0121 ea | |
| 101 | @achi | |
| 102 | @aCN@b110000 | |
| 105 | @ay z 000yy | |
| 200 | 10 | @a应用抽样技术@9ying yong chou yang ji shu@f李金昌主编@Fli jin chang zhu bian |
| 210 | @a北京@c科学出版社@d2006.01 | |
| 215 | @a245页@d24cm | |
| 300 | @a经济与管理类统计学系列教材 | |
| 606 | @a统计@x方法 | |
| 690 | @aC811@v4 | |
| 701 | 0 | @a李金昌@9li jin chang@4主编 |
| 801 | @aCN@c20070902 | |
| 901 | @a000003 | |
| 905 | @dC811@eL180 | |
| 应用抽样技术/李金昌主编.-北京:科学出版社,2006.01 |
| 245页;24cm |
| 经济与管理类统计学系列教材 |
| ISBN 7-03-016200-5:CNY20.00 |
| ● |
| 相关链接 |
|
|
|
正题名:应用抽样技术
索取号:C811/L180
 
预约/预借
| 序号 | 登录号 | 条形码 | 馆藏地/架位号 | 状态 | 备注 |
| 1 | 644361 | 206443614 | 社科库509/509社科库 55排7列1层/ [索取号:C811/L180] | 在馆 | |
| 2 | 644362 | 206443623 | 社科库509/509社科库 55排7列1层/ [索取号:C811/L180] | 在馆 | |
| 3 | 644363 | 206443632 | 社科库509/509社科库 55排7列1层/ [索取号:C811/L180] | 在馆 |